000 00823nam a22002775a 4500
005 20150817104022.0
008 150812b xxu||||| |||| 00| 0 eng d
010 _a2005937014
020 _a0495007609
020 _a9780495007609
040 _aEG-ScBUE
_beng
_cEG-ScBUE
082 0 4 _a320.3
_bMCC
_222
100 1 _aMcCormick, John.
245 1 0 _aComparative politics in transition /
_cJohn McCormick.
250 _a5th ed.
260 _aBelmont :
_bThomson/Wadsworth,
_cc.2007.
300 _axx, 572 p. :
_bill., maps, photos ;
_c24 cm.
490 0 _aNew horizons in comparative politics
500 _aInclude indexes.
504 _aBibliography : p. 539-557.
590 _aDoha Ragab
650 0 _aComparative government.
_2BUEsh
651 _2BUEsh
653 _bBUSBOL
_cAugust2015
942 _cNB
_2ddc
999 _c5798
_d1517